City sense : (Record no. 353747)
[ view plain ]
| 000 -LEADER | |
|---|---|
| fixed length control field | 01888nam a2200265 a 4500 |
| 001 - CONTROL NUMBER | |
| control field | ASIN8415391293 |
| 003 - CONTROL NUMBER IDENTIFIER | |
| control field | OSt |
| 005 - DATE AND TIME OF LATEST TRANSACTION | |
| control field | 20180116192417.0 |
| 008 - FIXED-LENGTH DATA ELEMENTS--GENERAL INFORMATION | |
| fixed length control field | 130725s2013 xxu eng d |
| 020 ## - INTERNATIONAL STANDARD BOOK NUMBER | |
| International Standard Book Number | 8415391293 (paperback) |
| Terms of availability | $34.95 |
| 020 ## - INTERNATIONAL STANDARD BOOK NUMBER | |
| International Standard Book Number | 9788415391296 (paperback) |
| 040 ## - CATALOGING SOURCE | |
| Transcribing agency | 00 |
| 082 ## - DEWEY DECIMAL CLASSIFICATION NUMBER | |
| Classification number | 711 |
| 245 00 - TITLE STATEMENT | |
| Title | City sense : |
| Remainder of title | shaping our environment with real-time data / |
| Statement of responsibility, etc. | Lucas Capelli. |
| 260 ## - PUBLICATION, DISTRIBUTION, ETC. | |
| Place of publication, distribution, etc. | New York : |
| Name of publisher, distributor, etc. | Actar, |
| Date of publication, distribution, etc. | 2013. |
| 300 ## - PHYSICAL DESCRIPTION | |
| Extent | 368 p. : |
| Dimensions | 17 cm. |
| 490 1# - SERIES STATEMENT | |
| Series statement | Advanced architecture contest. |
| 520 ## - SUMMARY, ETC. | |
| Summary, etc. | This publication compiles the winning and the finalist entries of the City Sense competition, organized by the Institute of Advanced Architecture. The competition was open to architects, engineers, planners, designers and artists who wanted to contribute to progress in making the world more habitable by developing proposals capable of responding to emerging challenges in areas such as ecology, information technology, architecture, and urban planning, with the purpose of balancing the possible impact of real-time data collection on sensor-driven cities. The competition jury, which was composed of architects, experts from a wide range of fields and directors of some of the world s foremost architecture schools, were looking for outstanding proposals of any scale, for any city in the world. The book presents a selection of the best projects on Smart Cities, Eco Neighbourhoods, Self-Sufficient Buildings, Intelligent Homes and other proposals which examine the phenomena of sensor-driven cities and intelligent behaviouralsystems. |
| 650 10 - SUBJECT ADDED ENTRY--TOPICAL TERM | |
| Topical term or geographic name entry element | Civic art |
| 9 (RLIN) | 6738 |
| 700 1# - ADDED ENTRY--PERSONAL NAME | |
| Personal name | Capelli, Lucas. |
| 9 (RLIN) | 6739 |
| 830 #0 - SERIES ADDED ENTRY--UNIFORM TITLE | |
| Uniform title | Advanced architecture contest. |
| 9 (RLIN) | 6740 |
| 856 40 - ELECTRONIC LOCATION AND ACCESS | |
| Materials specified | Amazon.com |
| Uniform Resource Identifier | <a href="http://www.amazon.com/exec/obidos/ASIN/8415391293/chopaconline-20">http://www.amazon.com/exec/obidos/ASIN/8415391293/chopaconline-20</a> |
| 942 ## - ADDED ENTRY ELEMENTS (KOHA) | |
| Source of classification or shelving scheme | |
| Koha item type | Book |
| Withdrawn status | Lost status | Source of classification or shelving scheme | Damaged status | Not for loan | Permanent Location | Current Location | Date acquired | Total Checkouts | Total Renewals | Full call number | Barcode | Date last seen | Date last checked out | Copy number | Cost, replacement price | Price effective from | Koha item type |
|---|---|---|---|---|---|---|---|---|---|---|---|---|---|---|---|---|---|
| School of Art Design and Architecture (SADA) | School of Art Design and Architecture (SADA) | 07/18/2013 | 7 | 1 | 711 CIT 2012 | SADA0002133 | 03/14/2016 | 02/26/2016 | 01 | 3540.26 | 07/25/2013 | Book |
